| 000 | 00593nam a2200169 i 4500 | ||
|---|---|---|---|
| 001 | bg | ||
| 100 | 1 | _aBRATKOWSKI, Albin. | |
| 245 | 0 |
_aZasady i metody rachunku ekonomicznego w przedsiębiorstwie budowlanym. _nCz.1. _pPodstawy teoretyczne rachunku ekonomicznego. _nCz.2, _pTechnika obliczeniowa rachunku ekonomicznego / _cA. Bratkowski, B. Podkaminer, J. Orzeł. |
|
| 260 |
_aWarszawa, _c1971. |
||
| 700 | 1 | _aPODKAMINER, Barbara. | |
| 700 | 1 | _aORZEŁ, Józef. | |
| 040 | _cBPK | ||
| 041 | _apol | ||
| 080 | _a69.003.1:658.14/.15 | ||
| 942 | _cKS | ||
| 008 | s pl f |000 0 pol | ||
| 999 |
_c26086 _d26086 |
||
| 856 |
_uhttp://koha.tu.koszalin.pl/cgi-bin/koha/opac-detail.pl?biblionumber=26086 _yKatalog online BPK |
||